| 000 | 00702nam a2200205Ia 4500 | ||
|---|---|---|---|
| 003 | GCL | ||
| 008 | 140319s9999 xx 000 0 ara d | ||
| 020 | _a5607201977 | ||
| 040 |
_aGCL / _cGCL |
||
| 082 | 0 | 4 |
_aق _b962.16 _bس ق |
| 100 | 1 | _aسيد كريم | |
| 245 | 1 | 0 |
_aالقاهرة عمرها 50 الف سنة / _cسيد كريم |
| 260 |
_aالقاهرة : _bالهيئة المصرية العامة للكتاب ، _c1999 |
||
| 300 |
_a169 ص ؛ _c32 سم |
||
| 650 | 0 | 4 | _aالقاهرة - تاريخ |
| 650 | 0 | 4 | _aالقاهرة - الاثار الاسلامية |
| 650 | 0 | 4 | _aالقاهرة - احياء وضواحى |
| 650 | 0 | 4 | _aتخطيط المدن - القاهرة |
| 942 |
_2ddc _cBK |
||
| 999 |
_c8725 _d8725 |
||